00371nam a2200145Ia 4500008004100000020001500041041001200056082001600068100001900084245004200103260003600145300000800181650001900189700001700208221030s9999 xx 000 0 und d a8178085917 aEnglish a105.23bHor aC. T. Horngren 0aIntroduciton to Management Accounting bAddison WesleyaNew Delhic2003 a789 aMCA Management aG. L. Sundem